Map of the county of Middlesex (Record no. 114614)
[ view plain ]
| 000 -LEADER | |
|---|---|
| fixed length control field | 00818cem a22002055a 4500 |
| 001 - CONTROL NUMBER | |
| control field | L157124 |
| 008 - FIXED-LENGTH DATA ELEMENTS--GENERAL INFORMATION | |
| fixed length control field | 120904e18191025xxk f 000 0 eng d |
| 035 ## - SYSTEM CONTROL NUMBER | |
| System control number | (Sirsi) u157124 |
| 041 0# - LANGUAGE CODE | |
| Language code of text/sound track or separate title | eng |
| 100 1# - MAIN ENTRY--PERSONAL NAME | |
| Personal name | Greenwood, C. |
| Fuller form of name | (Christopher) |
| Dates associated with a name | 1786-1855 |
| 245 00 - TITLE STATEMENT | |
| Title | Map of the county of Middlesex |
| Remainder of title | from an actual survey, made in the year 1818 & 1819 |
| Statement of responsibility, etc. | by C. Greenwood |
| 260 ## - PUBLICATION, DISTRIBUTION, ETC. | |
| Place of publication, distribution, etc. | London |
| Name of publisher, distributor, etc. | Published by the proprietors G. Pringle and C. Greenwood |
| Date of publication, distribution, etc. | Oct. 25. 1819 |
| 300 ## - PHYSICAL DESCRIPTION | |
| Extent | 1 map |
| Other physical details | col., dissected and mounted on linen |
| Dimensions | 125 x 128 cm., folded to 27 x 16 cm., in slip case 28 cm. |
| 520 ## - SUMMARY, ETC. | |
| Summary, etc. | Title on slip-case: Greenwood's map of Middlesex. |
| 520 ## - SUMMARY, ETC. | |
| Summary, etc. | Scale: 2 inches = 1 mile. |
| 583 ## - ACTION NOTE | |
| Action | Condition reviewed |
| Time/date of action | 20120620 |
| Status | condition level 2 |
| 651 #4 - SUBJECT ADDED ENTRY--GEOGRAPHIC NAME | |
| Geographic name | Middlesex |
| 690 ## - LOCAL SUBJECT ADDED ENTRY--TOPICAL TERM (OCLC, RLIN) | |
| Topical term or geographic name as entry element | Geomatics |
| 9 (RLIN) | 6242 |
| 942 ## - ADDED ENTRY ELEMENTS (KOHA) | |
| Suppress in OPAC | 0 |
| Withdrawn status | Lost status | Source of classification or shelving scheme | Damaged status | Not for loan | Home library | Current library | Shelving location | Date acquired | Total Checkouts | Full call number | Barcode | Date last seen | Copy number | Price effective from | Koha item type |
|---|---|---|---|---|---|---|---|---|---|---|---|---|---|---|---|
| Dewey Decimal Classification | Historic collection | Historic collection | Historic collection | 04/09/2012 | MAP 1819 GREENWOOD | 30077056 | 06/08/2019 | 1 | 06/08/2019 | Book |